|
|
|
|
| LEADER |
02504nam a2200349 4500 |
| 001 |
c000187960 |
| 003 |
CARM |
| 005 |
20050915190058.0 |
| 008 |
791002s1938 stkabf b 000 0 eng |
| 010 |
|
|
|a 41011996
|
| 019 |
1 |
|
|a 28524170
|5 LACONCORD2021
|
| 035 |
|
|
|a (OCoLC)5456732
|5 LACONCORD2021
|
| 040 |
|
|
|a DLC
|b eng
|c COO
|d VU
|
| 050 |
0 |
0 |
|a QE757.K4
|b W4
|
| 100 |
1 |
|
|a Weir, John,
|e ed.
|
| 245 |
1 |
0 |
|a On a second collection of fossils and rocks from Kenya made by Miss M. McKinnon Wood.
|c With some further geological observations on the coastlands of Kenya by Miss McKinnon Wood, and reports on the collections by Ethel D. Currie...J. W. Gregory... [and others].
|
| 260 |
|
|
|a Glasgow,
|b Jackson, son & company,
|c 1938.
|
| 300 |
|
|
|a 5 p. l., 3-116 p.
|b illus., XI pl., fold. map.
|c 30 cm.
|
| 490 |
1 |
|
|a Monographs of the Geological department of the Hunterian museum, Glasgow university, ;
|v v.
|
| 500 |
|
|
|a Half-title: Glasgow university publications. XLIX. This report, edited by John Weir, is a sequel to "Reports on geological collections from the coastlands of Kenya colony made by Miss M. McKinnon Wood", edited by J. W. Gregory in 1930.
|
| 500 |
|
|
|a Report on the fossil plants in Miss McKinnon Wood's second collection from Kenya, by S. Williams.--Igneous rocks from the neighbourhood of mount Jombo and the Sabaki river, By G. W. Tyrrell and Miss A. T. Neilson.
|
| 504 |
|
|
|a "References" at end of each chapter except chapter VIII.
|
| 505 |
0 |
|
|a Some further geological observations on the coastlands of Kenya, by M. McKinnon Wood.--Palacanodonta from Kenya and Burma, by J. Weir.--The Jurassic faunas of Kenya with descriptions of some Brachiopoda and Mollusca, by J. Weir.--Additions ot the Neogene molluscan faunas of Kenya, by J. Weir.--Neogene Echinoidea in the second McKinnon Wood collection, by Ethel D. Currie.--Second collection of fossil corals from the Kenya coastlands made by Miss McKinnon Wood, by J. W. Gregory.--On some East African Neogene Foraminifera, by C. D. Ovey.--
|
| 650 |
|
0 |
|a Paleontology
|z Kenya.
|
| 650 |
|
0 |
|a Rocks, Igneous.
|
| 650 |
|
0 |
|a Petrology
|z Kenya.
|
| 700 |
1 |
|
|a Wood, Meta McKinnon.
|
| 810 |
1 |
|
|a Glasgow.
|b University.
|b Hunterian Museum.
|b Geological Department.
|t Monographs, ;
|v 5.
|
| 852 |
8 |
|
|b CARM
|h A2:AQ23F0
|i E01738
|p 0251872
|f BK
|
| 082 |
0 |
4 |
|a 564.09676
|
| 999 |
f |
f |
|i bb36b4bb-5edc-541e-a4af-5f5345cbda21
|s 73c1af68-0398-530a-be30-75b23dbc7406
|
| 952 |
f |
f |
|p Can circulate
|a CAVAL
|b CAVAL
|c CAVAL
|d CARM 1 Store
|e E01738
|f A2:AQ23F0
|h Other scheme
|i book
|m 0251872
|